Физическая культура и спорт на современном этапе: проблемы, поиски, решения: материалы межрегиональной научно-практической конференции, Томск, 14 декабря 2012 г.

מידע ביבליוגרפי
Corporate Authors: Национальный исследовательский Томский политехнический университет (ТПУ) Факультет физической культуры, Томская область Департамент по молодежной политике, физической культуре и спорту, Физическая культура и спорт на современном этапе: проблемы, поиски, решения межрегиональная научно-практическая конференция
סיכום:В сборнике материалов конференции представлены статьи по следующим направлениям:- организация физкультурно-оздоровительной работы по месту жительства,- физическая культура детей и подростков,- физическое воспитание и спортивная тренировка студенческой молодежи,- медико-биологические аспекты физической культуры и спортивной тренировки,- лечебная и адаптивная физическая культура,- подготовка и повышение квалификации специалистов в сфере физической культуры и спорта. Материалы сборника рассчитаны на специалистов в области физической культуры и спорта, на преподавателей и студентов факультетов физической культуры.
שפה:רוסית
יצא לאור: Томск, Изд-во ТПУ, 2012
נושאים:
פורמט: MixedMaterials ספר
KOHA link:https://koha.lib.tpu.ru/cgi-bin/koha/opac-detail.pl?biblionumber=247838

MARC

LEADER 00000nam0a2200000 4500
001 247838
005 20231101232332.0
035 |a (RuTPU)RU\TPU\book\269455 
035 |a RU\TPU\book\229452 
090 |a 247838 
100 |a 20140115d2012 k y0rusy50 ca 
101 0 |a rus 
102 |a RU 
105 |a y z 101zy 
200 1 |a Физическая культура и спорт на современном этапе: проблемы, поиски, решения  |e материалы межрегиональной научно-практической конференции, Томск, 14 декабря 2012 г.  |f Национальный исследовательский Томский политехнический университет (ТПУ), Факультет физической культуры ; Томская область, Департамент по молодежной политике, физической культуре и спорту ; Физическая культура и спорт на современном этапе: проблемы, поиски, решения 
210 |a Томск  |c Изд-во ТПУ  |d 2012 
215 |a 381 с. 
320 |a Библиография в конце докладов. 
330 |a В сборнике материалов конференции представлены статьи по следующим направлениям:- организация физкультурно-оздоровительной работы по месту жительства,- физическая культура детей и подростков,- физическое воспитание и спортивная тренировка студенческой молодежи,- медико-биологические аспекты физической культуры и спортивной тренировки,- лечебная и адаптивная физическая культура,- подготовка и повышение квалификации специалистов в сфере физической культуры и спорта. Материалы сборника рассчитаны на специалистов в области физической культуры и спорта, на преподавателей и студентов факультетов физической культуры. 
606 1 |a Физическая культура и спорт  |2 stltpush  |3 (RuTPU)RU\TPU\subj\63791  |9 80728 
610 1 |a спорт 
610 1 |a физкультура 
610 1 |a история 
610 1 |a Томск 
610 1 |a Сибирь 
610 1 |a конференции 
610 1 |a труды учёных ТПУ 
675 |a 796(063)  |v 3 
712 0 2 |a Национальный исследовательский Томский политехнический университет (ТПУ)  |b Факультет физической культуры  |c (2009- )  |2 stltpush  |3 (RuTPU)RU\TPU\col\15902 
712 0 2 |a Томская область  |b Департамент по молодежной политике, физической культуре и спорту  |2 stltpush  |3 (RuTPU)RU\TPU\col\17856  |9 26811 
712 1 2 |a Физическая культура и спорт на современном этапе: проблемы, поиски, решения  |b межрегиональная научно-практическая конференция  |e Томск  |f 2012 
801 1 |a RU  |b 63413507  |c 20090521  |g PSBO 
801 2 |a RU  |b 63413507  |c 20140128  |g PSBO 
942 |c BK